00682nam a2200181 i 4500001000700000003000900007005001700016007000300033008004100036110003700077245011600114260004800230300003400278650002800312852002100340999001900361952012000380110471ES-MaACL20230906185047.0t|061121s1930 xxua |||| | eng d2 aFaraday society (London)916416110aOptical rotatory power b: a general discussion held by the Faraday Society, April 1930... / cFaraday Society. a[Aberdeen : bThe University Press, c1930] aP. 265-461 : bil. ; c25 cm. 4aEfecto Faraday.9164162 aES-MaACLjA-1335 c110471d110471 00104070aATENEOMbATENEOMcSPP1d2008-01-17eSCl0oA-1335p1115258r2023-02-23 00:00:00w2023-02-23yMONOGRAFIA